Η κωμωδία : οι μηχανισμοί του γέλιου - η ιστορία του χιούμορ - η δομή του κωμικού έργου - οι κωμικοί τύποι - η θεματολογία της κωμωδίας - η τυπολογία των αστείων - το οικογενειακό δέντρο της ελληνικής φαρσοκωμωδίας

Αποθηκεύτηκε σε:
Λεπτομέρειες βιβλιογραφικής εγγραφής
Κύριος συγγραφέας: Βαλούκος, Στάθης, 1951-
Μορφή: Βιβλίο
Γλώσσα:Greek
Δημοσίευση: Αθήνα : Αιγόκερως, c2001.
Σειρά:Κινηματογράφος (Αιγόκερως)
Θέματα:
Ετικέτες: Προσθήκη ετικέτας
Δεν υπάρχουν, Καταχωρήστε ετικέτα πρώτοι!

MARC

LEADER 00000cam a2200000 i 4500
001 1/36572
008 061030s2001 gr | || |||| ||gre||
020 |a 9603221619 
035 |l 10085855 
040 |a GR-MyUa  |b gre  |e AACR2 
041 0 |a gre 
082 7 |a 791.43617   |2 (22) 
100 1 |a Βαλούκος, Στάθης,   |d 1951- 
245 1 2 |a Η κωμωδία :   |b οι μηχανισμοί του γέλιου - η ιστορία του χιούμορ - η δομή του κωμικού έργου - οι κωμικοί τύποι - η θεματολογία της κωμωδίας - η τυπολογία των αστείων - το οικογενειακό δέντρο της ελληνικής φαρσοκωμωδίας /   |c Στάθης Βαλούκος. 
260 |a Αθήνα :   |b Αιγόκερως,   |c c2001. 
300 |a 559 σ. :   |b εικ. ;   |c 25 εκ. 
490 1 |a (Κινηματογράφος / Αιγόκερως) 
504 |a Βιβλιογραφία: σ. 554-555. 
650 0 |a Comedy. 
650 0 |a Comic, The. 
650 0 |a Laughter. 
650 0 |a Comedy films  |x History and criticism. 
650 0 0 |a Comedy  |x History and criticism. 
830 0 |a Κινηματογράφος (Αιγόκερως) 
852 |a INST  |b LESVOS  |e 20070730  |h 791.43617 ΒΑΛ  |p 005100041305  |q 005100041305  |t BK  |y 0 
852 |a INST  |b SYROS  |e 20061030  |h 791.43617 ΒΑΛ  |p 005500007266  |q 005500007266  |t BK  |y 0 
901 |a BIBL5-2007-2 
901 |a BIBL1-2007-2 
922 |a 5ΕΛΗ  |b 200610  |c Βιβλιοθήκη Σύρου  |d Glory Book 
922 |a 1ΕΛΗ  |b 200707  |c ΕΠΕΑΕΚ2/ΠΤΕ  |d Σ. Πατάκης 
950 |a 188-2006-10-09 
970 |a Καγιαβά  |b Ειρήνη  |z 05/07/2007